000 00331nam a2200109Ia 4500
008 171211s9999 xx 000 0 und d
245 _aHistorical Dictionary of South American Cinema
245 _cPeter H. Rist
260 _c2014
650 _xEncyclopedia and Dictionary
856 _uhttp://down.ebook777.com/054/9780810860827.pdf
999 _c350224
_d350224